Inde - 1 - Statistiques

Statistiques générales
  • Ce quiz a été pris 4 fois
  • Le résultat moyen est 4 sur 14
Statistiques - réponses
Hint Réponse % Correct
En quelle année l'Inde a-t-elle obtenu son indépendance de la Grande-Bretagne ? 1947
100%
Comment s'appelle le point rouge que portent les femmes indiennes sur le front ? Le bindi
67%
Comment s'appelle l'instrument de musique indien à cordes similaire à une guitare ? Le sitar
67%
Quelle est la ville la plus peuplée d'Inde ? Mumbai
67%
Combien de langues officielles l'Inde reconnaît-elle dans sa constitution ? 22
33%
Comment s'appelle le film où Aamir Khan joue un étudiant qui défie le système éducatif ? 3 Idiots
33%
Comment s'appelle la danse classique indienne originaire du Tamil Nadu avec des mouvements expressifs des mains ? Bharata natyam
33%
Comment s'appelle la ville du Gujarat connue pour ses textiles et appelée "Manchester de l'Inde" ? Ahmedabad
0%
Quel est le nom du snack gujarati salé fait de farine de pois chiches et épices ? Dhokla
0%
Comment s'appelle l'actrice qui a joué Poo dans "Kabhi Khushi Kabhie Gham" ? Kareena Kapoor
0%
Comment s'appelle le mouvement de 1942 lancé par Gandhi pour l'indépendance ? Quit India Movement
0%
Comment s'appelle l'épopée sanskrite écrite par Valmiki ? Ramayana
0%
Quel est le nom du désert de sel blanc situé dans le Kutch ? Rann of Kutch
0%
Quel acteur est surnommé "Bhaijaan" par ses fans ? Salman Khan
0%
Aucun quiz correspondant
Distribution des résultats
% des personnes avec chaque résultat
Percentile par nombre de réponses
Votre historique - résultats
Vous n’avez pas pris ce quiz